| 000 | 00663nam a2200217Ia 4500 | ||
|---|---|---|---|
| 008 | 180207s9999 xx 000 0 und d | ||
| 020 | _a9789715186339 | ||
| 050 | _bE929 2013 | ||
| 100 | _aEvasko, Eugene Y. | ||
| 245 | _aAng riles sa tiyan ni tatay = | ||
| 245 | _bThe tracks on my father's tummy / | ||
| 245 | _cby Eugene Y. Evasco ; illustrated by Aldy Aguirre. | ||
| 260 | _aQuezon City, Philippines : | ||
| 260 | _bLampara Publishing House, Inc., | ||
| 260 | _c2013 | ||
| 300 | _a32 pages : | ||
| 300 | _bcolor illustration ; | ||
| 300 | _c23cm. | ||
| 440 | _aMga premyadong kuwentong pambata. | ||
| 650 | _aAward-winning stories for children. | ||
| 999 |
_c355790 _d355790 |
||